000 00392 a2200145 4500
001 49481
040 _cAnchieta - Bela Vista
100 _aRocha, Ruth
240 1 0 _aO velho, o menino e o burro e outras histórias caipiras
_lpor
245 1 0 _aO velho, o menino e o burro e outras histórias caipiras
300 _a32
362 0 _a2006
650 4 _aLiteratura infanto-juvenil
942 _cBK
999 _c49481
_d49481